Central Library OPAC University of Rajshahi

Socialism and Saint-Simon / (Record no. 57974)

MARC details
000 -LEADER
fixed length control field 00674nam a2200229 a 4500
001 - CONTROL NUMBER
control field 57974
003 - CONTROL NUMBER IDENTIFIER
rucl marc code BD-RJUL
005 - DATE AND TIME OF LATEST TRANSACTION
control field 20211209080554.0
008 - FIXED-LENGTH DATA ELEMENTS--GENERAL INFORMATION
fixed length control field 161212s1959 ohu b 000 0 eng
035 ## - SYSTEM CONTROL NUMBER
System control number BD-RJUL 58098
040 ## - CATALOGING SOURCE
Original cataloging agency DLC
Transcribing agency CMC
Modifying agency DLC
-- m.c
Language of cataloging eng
041 ## - LANGUAGE CODE
Language code of text/sound track or separate title eng
082 ## - DEWEY DECIMAL CLASSIFICATION NUMBER
Edition number 23
Classification number 335
Author mark and year DUS 1959
100 1# - MAIN ENTRY--PERSONAL NAME
Personal name Durkheim, Émile,
Dates associated with a name 1858-1917.
9 (RLIN) 172185
245 00 - TITLE STATEMENT
Title Socialism and Saint-Simon /
Statement of responsibility, etc. Émile Durkheim
260 ## - PUBLICATION, DISTRIBUTION, ETC. (IMPRINT)
Place of publication, distribution, etc. Yellow Springs, Ohio :
Name of publisher, distributor, etc. Antioch Press,
Date of publication, distribution, etc. 1959
300 ## - PHYSICAL DESCRIPTION
Pagination xxix, 240 p. ;
Size 24 cm
504 ## - BIBLIOGRAPHY, ETC. NOTE
Bibliography, etc "Bibliographical note": p. xxviii-xxix
650 #0 - SUBJECT ADDED ENTRY--TOPICAL TERM
Topical term or geographic name as entry element Socialism
9 (RLIN) 172186
Topical term or geographic name as entry element Saint-Simonianism
9 (RLIN) 172187
942 ## - ADDED ENTRY ELEMENTS (KOHA)
Source of classification or shelving scheme Dewey Decimal Classification
Koha item type Books
Holdings
Lost status Source of classification or shelving scheme Damaged status Not for loan Collection code Permanent Location Current Location Shelving location Date acquired Source of acquisition Cost, normal purchase price Total Checkouts Full call number Date last seen Copy number Koha item type
  Dewey Decimal Classification   Not For Loan Non-fiction Central Library, University of Rajshahi Central Library, University of Rajshahi Reading Room 12/12/2016 Sweets & Zeetlinger 28.00   335 DUS 1959 12/12/2016 C-1 Books